Cone beam volumetric imaging in dental, oral and maxillofacial medicine : (Record no. 23945)
[ view plain ]
| 000 -LEADER | |
|---|---|
| fixed length control field | 01077cam a22002895a 4500 |
| 001 - CONTROL NUMBER | |
| control field | 18863484 |
| 005 - DATE AND TIME OF LATEST TRANSACTION | |
| control field | 20170115152959.0 |
| 006 - FIXED-LENGTH DATA ELEMENTS--ADDITIONAL MATERIAL CHARACTERISTICS--GENERAL INFORMATION | |
| fixed length control field | m||||f ||z 00| 0 |
| 008 - FIXED-LENGTH DATA ELEMENTS--GENERAL INFORMATION | |
| fixed length control field | 151118t2014 enkeeeafr b 001 0 eng d |
| 020 ## - INTERNATIONAL STANDARD BOOK NUMBER | |
| International Standard Book Number | 9781850972693 |
| 020 ## - INTERNATIONAL STANDARD BOOK NUMBER | |
| International Standard Book Number | 1850972699 |
| 040 ## - CATALOGING SOURCE | |
| Original cataloging agency | UKMGB |
| Language of cataloging | eng |
| Transcribing agency | UKMGB |
| Modifying agency | OCLCO |
| -- | BTCTA |
| -- | UAB |
| -- | CHVBK |
| -- | WRA |
| -- | YDXCP |
| -- | OCLCF |
| -- | CDX |
| -- | DLC |
| -- | EG-ScBUE |
| 041 1# - LANGUAGE CODE | |
| Language code of text/sound track or separate title | eng |
| Language code of original and/or intermediate translations of text | ger |
| 082 04 - DEWEY DECIMAL CLASSIFICATION NUMBER | |
| Edition number | 22 |
| Classification number | 617.6075722 |
| Item number | NEU |
| 100 1# - MAIN ENTRY--PERSONAL NAME | |
| Personal name | Neugebauer, Jorg. |
| 245 10 - TITLE STATEMENT | |
| Title | Cone beam volumetric imaging in dental, oral and maxillofacial medicine : |
| Remainder of title | fundamentals, diagnostics and treatment planning / |
| Statement of responsibility, etc | Jorg Neugebauer, Joachim E. Zoller. |
| 250 ## - EDITION STATEMENT | |
| Edition statement | 2nd ed. |
| 260 ## - PUBLICATION, DISTRIBUTION, ETC. (IMPRINT) | |
| Place of publication, distribution, etc | Surrey : |
| Name of publisher, distributor, etc | Quintessence Publishing, |
| Date of publication, distribution, etc | c.2014. |
| 300 ## - PHYSICAL DESCRIPTION | |
| Extent | x, 278 p. : |
| Other physical details | ill. ; |
| Dimensions | 31 cm. + |
| Accompanying material | 1 DVD-ROM (4 3/4 in.) |
| 504 ## - BIBLIOGRAPHY, ETC. NOTE | |
| Bibliography, etc | Includes bibliographical references and index. |
| 546 ## - LANGUAGE NOTE | |
| Language note | Text in English ; Translated from original German. |
| 650 #0 - SUBJECT ADDED ENTRY--TOPICAL TERM | |
| Topical term or geographic name as entry element | Teeth |
| General subdivision | Imaging. |
| Source of heading or term | BUEsh |
| 650 #7 - SUBJECT ADDED ENTRY--TOPICAL TERM | |
| Topical term or geographic name as entry element | Tomography. |
| Source of heading or term | BUEsh |
| 9 (RLIN) | 41368 |
| 653 ## - INDEX TERM--UNCONTROLLED | |
| Resource For college | |
| Arrived date list | January2017 |
| 700 1# - ADDED ENTRY--PERSONAL NAME | |
| Personal name | Zoller, Joachim E. |
| 942 ## - ADDED ENTRY ELEMENTS (KOHA) | |
| Source of classification or shelving scheme | Dewey Decimal Classification |
| Withdrawn status | Item status | Source of classification or shelving scheme | Damaged status | Not for loan | Home library | Current library | Shelving location | Date acquired | Source of acquisition | Cost, normal purchase price | Serial Enumeration / chronology | Total Checkouts | Full call number | Barcode | Date last seen | Cost, replacement price | Koha item type |
|---|---|---|---|---|---|---|---|---|---|---|---|---|---|---|---|---|---|
| Dewey Decimal Classification | Central Library | Central Library | Ground Floor | 15/01/2017 | Purchase | 1950.00 | 0000479 | 617.6075722 NEU | 000040969 | 15/07/2025 | 2437.50 | Reference (NB) | |||||
| Dewey Decimal Classification | Central Library | Central Library | First floor | 15/01/2017 | Purchase | 1950.00 | 0000479 | 617.6075722 NEU | 000040970 | 24/08/2022 | 2437.50 | CD | DVD - With book (NB) |